000 00908nam a2200289 a 4500
001 000107958
003 CHAP
005 20220329143951.0
008 131123s2011 enka |r| ||||||eng d
010 _a104420
011 _a105392
020 _a9781405148627
040 _cCHAP
082 0 4 _a631.58
_bT78
245 0 0 _aTreated wastewater in agriculture :
_buse and impacts on the soil environment and crops /
_ceditado por Guy J. Levy, Pinchas Fine y Asher Bar-Tal.
260 _aChichester, U.K.
_aAmes, Iowa :
_bWiley Blackwell,
_c2011.
300 _axvii, 446 p.
590 _aE11695DGD
_b10
_c20131123
_lUCH01
_h1049
650 1 4 _aAgua
_xAprovechamiento.
_92282
650 1 4 _aAguas residuales para irrigación.
_92591
700 1 _aBar-Tal, Asher
_eed.
_9124712
700 1 _aFine, Pinchas
_eed.
_9124711
700 1 _aLevy, Guy J.
_eed.
_9124710
901 _aBK
942 _cLIBRO
942 _n0
999 _c104420
_d104420